| 000 | 02172cam a2200337 a 4500 | ||
|---|---|---|---|
| 001 | 5286468 | ||
| 003 | ARRUPE | ||
| 005 | 20130926135656.0 | ||
| 008 | 040512s2004 nyu b 001 0 eng | ||
| 010 | _a 2004049006 | ||
| 020 | _a1403961611 | ||
| 035 | _a(OCoLC)ocm55228922 | ||
| 035 | _a(NNC)5286468 | ||
| 040 |
_aDLC _cDLC _dOrLoB-B |
||
| 042 | _apcc | ||
| 050 | 0 | 0 |
_aHV6431 _b.W42 2004 |
| 100 | 1 |
_aWebel, Charles. _91445 |
|
| 245 | 1 | 0 |
_aTerror, terrorism, and the human condition / _cCharles P. Webel. |
| 250 | _a1st ed. | ||
| 260 |
_aNew York : _bPalgrave Macmillan, _c2004. |
||
| 300 |
_a156 p. ; _c22 cm. |
||
| 504 | _aIncludes bibliographical references (p. [115]-144) and index. | ||
| 505 | 0 | 0 |
_tIntroduction : pondering the imponderable -- _g1. _tDefining the indefinable : what are, and are not "terror, terrorism, and the human condition?" -- _g2. _tDepicting the indescribable : a brief history of terrorism -- _g3. _tArticulating the ineffable : the voices of the terrified -- _g4. _tSurviving the unendurable : coping, and failing to cope, with terror -- _tConclusion : imagining the unimaginable? : a world without (or with less ...) terror and terrorism? |
| 520 | 1 | _a"Terror, Terrorism, and the Human Condition investigates our now millennia-long attraction to, and dread of, terror and its progeny, including terrorism, or political terror, and mass murder. Charles Webel examines this most pressing political and psychological issue of our time from a cross-cultural, phenomenological, historical, and psychoanalytic perspective. Over 50 survivors of terrifying political attacks in 14 countries (including September 11th, 2001, and Spanish victims of terror) were interviewed, and their tales are a vital, and original, part of the book. The contested nature of "terrorism" is discussed in the context of the terrifying effects of terrorist attacks "from above" (state terrorism) and "from below" (sub-national acts of terrorism)."--BOOK JACKET. | |
| 650 | 0 |
_aTerrorism. _91446 |
|
| 650 | 0 |
_aTerrorism _xHistory. _91447 |
|
| 650 | 0 |
_aTerror. _91448 |
|
| 650 | 0 |
_aVictims of terrorism. _91449 |
|
| 900 | _bTOC | ||
| 942 |
_2lcc _cMONOGRAPH |
||
| 999 |
_c118093 _d118093 |
||